00671nam a2200181 i 450000100060000000300090000600500170001500700030003200800410003510000260007624501250010225000150022726000600024230000270030285200220032999900170035195201210036836781ES-MaACL20230906155436.0t|030219s1906 fr ||||1| fre d1 aBoutmy, Emile.93106010aElements d'une psychologie politique du peuple americain b: la nation, la patrie, l'etat, la religion / cEmile Boutmy. a2ème ed. aParis : b[s.n., c1906] (eCoulommiers : fP. Brodard) aXII, 366 p. ; c19 cm. aES-MaACLjF-10736 c36781d36781 00104070aATENEOMbATENEOMcSPP2d2008-01-17eSCl0oF-10736p1038677r2023-02-23 00:00:00w2023-02-23yMONOGRAFIA